Aprender Inglés color - Estadísticas

Estadísticas generales
  • Esta prueba ha sido intentada 19 veces
  • La puntuación promedio es 12 de 13
Estadísticas de respuestas
Español Inglés % Correcto
Negro Black
100%
Azul Blue
100%
Verde Green
100%
Naranja Orange
100%
Rojo Red
100%
Blanco White
100%
Amarillo Yellow
100%
Marrón Brown
94%
Gris Gray
94%
Rosa Pink
94%
Azul oscuro Dark blue
88%
Azul claro Light blue
82%
Púrpura Purple
82%
No se encontraron pruebas coincidentes
Distribución de puntuación
Porcentaje de gente con cada puntuación
Porcentaje por número respondido
Historial de tus puntuaciones
No has intentado esta prueba.